000 00846nam a2200265 i 4500
003 EG-GICUC
005 20260405093525.0
008 260405s1899 fr ||||fr|||| 00| 0 fre d
040 _aEG-GiCUC
_bfre
_cEG-GiCUC
_dEG-GiCUC
_eRda
082 0 4 _221
_a341.8
_bBA . E
092 0 4 _221
099 _aLaw1 12 341.8 BA . E 1899
100 1 _aBartin,Étienne
_eAuteur
245 _aÉtudes De Droit International Privè /
_cÉtienne Bartin .
264 1 _aParis :
_bLibraire Maresco Ainè ,
_c1899 .
300 _a284 page ;
_c24 cm.
336 _2rda contenu
_a texte
337 _2rda medias
_aOrdinateur
338 _2 transporteur rda
_a Ressource en ligne
546 _aTexte en français
650 _aDroit International Privé
856 4 0 _uhttps://fll.law.cu.edu.eg/fulltext/bks/B12-02808.pdf
905 _a59
942 _2ddc
_n0
_cBK
_e21
999 _c68921
_d68921